Normal view
MARC view
- Adeel Faisal Ammaar Arshad Fouzan Abdullah
Entry Personal Name
001 - CONTROL NUMBER
- control field: 71315
003 - CONTROL NUMBER IDENTIFIER
- control field: NUST
005 - DATE AND TIME OF LATEST TRANSACTION
- control field: 20210628204624.0
008 - FIXED-LENGTH DATA ELEMENTS
- fixed length control field: 210628|| aca||aabn | a|a d
040 ## - CATALOGING SOURCE
- Original cataloging agency: NUST
- Transcribing agency: NUST
100 ## - HEADING--PERSONAL NAME
- Personal name: Adeel Faisal Ammaar Arshad Fouzan Abdullah
670 ## - SOURCE DATA FOUND
- Source citation: Work cat.: (NUST): Adeel Faisal Ammaar Arshad Fouzan Abdullah, PR-SOF-1455-DESIGN AND FABRICATION OF STAIRS CLIMBING WHEEL CHAIR, 2015
